000166432 001__ 166432
000166432 005__ 20260121131120.0
000166432 037__ $$aTAZ-TFG-2025-4471
000166432 041__ $$aspa
000166432 1001_ $$aÁlvarez Enguita, Manuel
000166432 24200 $$aStudies of activation of CaO with neutrons for its use as a calibration source  in the experiment TREX-DM of Canfranc Underground Laboratory
000166432 24500 $$aEstudios de activación de CaO con neutrones para su uso como fuente de calibración en el experimento TREX-DM en el Laboratorio Subterráneo de Canfranc
000166432 260__ $$aZaragoza$$bUniversidad de Zaragoza$$c2025
000166432 506__ $$aby-nc-sa$$bCreative Commons$$c3.0$$uhttp://creativecommons.org/licenses/by-nc-sa/3.0/
000166432 520__ $$aEste trabajo evalúa la viabilidad de generar Ar37 mediante activación neutrónica de CaO como fuente gaseosa de calibración homogénea para TREX-DM, un experimento diseñado para la detección de WIMPs. Las emisiones de Ar37 tienen una energía muy baja, por lo que la estrategia era inferir su presencia indirectamente a través del K42, otro producto del calcio natural de emisiones más energéticas. En este trabajo se simula y estudia esta activación para interpretar los datos recabados, y verificar (si es posible) la presencia de K42 (y, por consiguiente, la de Ar37).<br /><br />
000166432 521__ $$aGraduado en Física
000166432 540__ $$aDerechos regulados por licencia Creative Commons
000166432 691__ $$a0
000166432 692__ $$a
000166432 700__ $$aDafni, Theopisti$$edir.
000166432 700__ $$aJiménez Puyuelo, María$$edir.
000166432 7102_ $$aUniversidad de Zaragoza$$b $$c
000166432 8560_ $$f843207@celes.unizar.es
000166432 8564_ $$s10953131$$uhttps://zaguan.unizar.es/record/166432/files/TAZ-TFG-2025-4471.pdf$$yMemoria (spa)
000166432 909CO $$ooai:zaguan.unizar.es:166432$$pdriver$$ptrabajos-fin-grado
000166432 950__ $$a
000166432 951__ $$adeposita:2026-01-21
000166432 980__ $$aTAZ$$bTFG$$cCIEN
000166432 999__ $$a20250916152403.CREATION_DATE